| 000 | 02319cam a22004814i 4500 | ||
|---|---|---|---|
| 003 | PE-LiUPU | ||
| 005 | 20250731165408.0 | ||
| 008 | 151016s2014 pe a grm 000 0 spa d | ||
| 035 | _a(Sirsi) a154899 | ||
| 040 |
_aPE-LiUPU _bspa _cPE-LiUPU _erda |
||
| 082 | 0 | 4 |
_a241.664 _Ch93 T3 _b |
| 099 |
_aTT 3 _bCH93 2014 |
||
| 100 | 1 |
_aChumbes Rojas, Carlos Antonio _eautor |
|
| 245 | 1 |
_aTratamiento de un problema de inmoralidad de la Iglesia de Corinto: Según 1 Corintios 5:1-13 / _cCarlos Antonio Chumbes Rojas.. |
|
| 264 | 0 | _c2014. | |
| 300 |
_a74 hojas : _bilustraciones; _c30 cm |
||
| 336 |
_atext _2rdacontent |
||
| 337 |
_aunmediated _2rdamedia |
||
| 338 |
_avolume _2rdacarrier |
||
| 502 |
_aTesis _b(Mg.) -- _cUniversidad Peruana Unión, _d2014. |
||
| 504 | _aIncluye bibliografía | ||
| 520 | 3 | _aLa presente investigación es de tipo exegético-teológico y se fundamenta en la metodología histórico- gramático-teológico. Se siguen los pasos requeridos por la exégesis bíblica: establecer el texto, revisión bibliográfica del texto en el idioma original, estableciendo el significado: luego se hizo un estudio sintáctico del texto, para ver las interrelaciones literarias en las epístolas paulinas; seguidamente se logró ordenas el contexto histórico y geográfico y como penúltimo paso se pudo establecer el significado teológico original, lo que el apóstol Pablo quiso decir a los miembros de la iglesia de Corinto en el siglo I, en relación al caso de fornicación incestuosa que un miembro de iglesia estaba sosteniendo. Finalmente se constituye el significado, lecciones y aplicaciones para el presente. | |
| 526 | _aSEG44 | ||
| 526 | _aSEG26 | ||
| 526 | _aP151 | ||
| 526 | _aP150 | ||
| 526 | _aP149 | ||
| 526 | _aP146 | ||
| 526 | _aP145 | ||
| 526 | _aP126 | ||
| 526 | _aP125 | ||
| 526 | _aP92 | ||
| 526 | _aP75 | ||
| 526 | _aP74 | ||
| 526 | _aP27 | ||
| 526 | _aP15 | ||
| 650 | 0 | 4 |
_aDelitos sexuales _xEnseñanza bíblica _vTesis. |
| 650 | 0 | 4 |
_aIncesto _xEnseñanza bíblica _vTesis. |
| 650 | 0 | 4 |
_aBiblia _pN.T. _pCorintios I: 5-13 _xComentarios _vTesis. |
| 596 | _a1 | ||
| 942 |
_2ddc _cTESIS |
||
| 999 |
_aTT 3 CH93 2014 _wALPHANUM _c7591 _iT01789 _lCCODEBUL3 _mBUL _r1 _sY _tTESIS _u2015-10-16 _xPOSGRADO _PP85 _o.STAFF. Tesis _d7591 |
||
| 980 |
_81 _gALBERTO SANCHEZ Responsable de Automatización |
||